00453nam a2200121 i 4500001000300000100001700003245010100020260005500121040000800176041000800184008004100192856009800233bg1 aHEDTKE, Rolf 0aSystemy mikroprocesorowe :bniezawodność, testowanie, tolerancja błędów /cRolf Hedtke. aWarszawa :bWydawnictwa Naukowo-Techniczne,c1987. cBPK apol s pl f |000 0 pol  uhttp://koha.tu.koszalin.pl/cgi-bin/koha/opac-detail.pl?biblionumber=23868yKatalog online BPK